Vybrané metody řízení

Gespeichert in:
Bibliographische Detailangaben
1. Verfasser: Holas, Zdeněk
Format: Buch
Sprache:Tschechisch
Veröffentlicht: Praha Institut pro výchovu vedoucích pracovníků MP ČSR 1986
Tags: Tag hinzufügen
Keine Tags, Fügen Sie das erste Tag hinzu!

MARC

LEADER 00000nam a2200000 4500
001 c030552
005 20251110130941.1
041 0 |a cze 
044 |a CZ 
245 1 0 |a Vybrané metody řízení  |c Zdeněk Holas 
264 1 |a Praha  |b Institut pro výchovu vedoucích pracovníků MP ČSR  |c 1986 
300 |a 93 s. 
100 1 |a Holas, Zdeněk